书目信息 |
| 题名: |
经济发展理论
|
|
| 作者: | 熊彼特 著 ;叶华 译 | |
| 分册: | 二 | |
| 出版信息: | 北京 九州出版社 2006 |
|
| 页数: | 286-564页 | |
| 开本: | 24cm | |
| 丛书名: | 西方学术经典文库 | |
| 单 册: | ||
| 中图分类: | F091.354 , F037 | |
| 科图分类: | ||
| 主题词: | 经济发展--概论 , 经济发展 | |
| 电子资源: | ||
| ISBN: | 7-80195-553-6 | |
| 000 | 01529oam2 2200325 450 | |
| 001 | 003338303 | |
| 005 | 20070805092501.26 | |
| 010 | @a7-80195-553-6@dCNY76.00(全二册) | |
| 100 | @a20060104d2006 em y0chiy0110 ea | |
| 101 | 2 | @achi@aeng@ceng |
| 102 | @aCN@b110000 | |
| 105 | @ay z 000yy | |
| 200 | 1 | @a经济发展理论@9jing ji fa zhan li lun@e对利润、资本、信贷、利息和经济周期的探究@dThe theory of economic development@ean inquiry into profits, capital, credit, interest, and the business cycle@e英汉对照@h二@f(美)约瑟夫·阿洛伊斯·熊彼特(Joseph Alois Scumpeter)著@g叶华译@zeng |
| 210 | @a北京@c九州出版社@d2006 | |
| 215 | @a286-564页@d24cm | |
| 225 | 2 | @a西方学术经典文库 |
| 305 | @a据Harvard University Press 1934年版本译出 | |
| 308 | @a丛书第一辑 | |
| 330 | @a本书分六章。对“企业家”的特点和功能、生产要素的新组合”、“创新”的涵义和作用,资本主义的产生作了开创性的论述,并阐述了信贷与资本,企业家利润,以及资本利息等问题。 | |
| 461 | 0 | @12001 @a西方学术经典文库 |
| 510 | 1 | @aTheory of economic development@ean inquiry into profits, capital, credit, interest, and the business cycle@zeng |
| 517 | 1 | @a对利润、资本、信贷、利息和经济周期的探究@9dui li run 、 zi ben 、 xin dai 、 li xi he jing ji zhou qi de tan jiu |
| 606 | 0 | @a经济发展@x概论 |
| 606 | 0 | @a经济发展 |
| 690 | @aF091.354@v4 | |
| 690 | @aF037@v4 | |
| 701 | 0 | @c(美)@a熊彼特@9xiong bi te@c(Schumpeter, Joseph Alois@f1883~1950)@4著 |
| 702 | 0 | @a叶华@9ye hua@c(翻译)@4译 |
| 801 | 0 | @aCN@bNLC@c20070805 |
| 905 | @a10447@dF091.354@e64:2 | |
| 经济发展理论:对利润、资本、信贷、利息和经济周期的探究=The theory of economic development:an inquiry into profits, capital, credit, interest, and the business cycle:英汉对照.二/(美)约瑟夫·阿洛伊斯·熊彼特(Joseph Alois Scumpeter)著/叶华译.-北京:九州出版社,2006 |
| 286-564页;24cm.-(西方学术经典文库) |
| ISBN 7-80195-553-6:CNY76.00(全二册) |
| 本书分六章。对“企业家”的特点和功能、生产要素的新组合”、“创新”的涵义和作用,资本主义的产生作了开创性的论述,并阐述了信贷与资本,企业家利润,以及资本利息等问题。 |
| ● |
| 相关链接 |
|
|
|
|
正题名:经济发展理论
索取号:F091.354/64:2
 
预约/预借
| 序号 | 登录号 | 条形码 | 馆藏地/架位号 | 状态 | 备注 |
| 1 | 0808017 | 208080173 | 第一样本阅览室/ [索取号:F091.354/64:2] | 在馆 | |
| 2 | 0808018 | 208080182 | 密集书库/ [索取号:F091.354/64:2] | 在馆 | |
| 3 | 0808019 | 208080191 | 第一借阅区/ [索取号:F091.354/64:2] | 在馆 | |
| 4 | 0808020 | 208080208 | 密集书库/ [索取号:F091.354/64:2] | 在馆 | |
| 5 | 0808021 | 208080217 | 密集书库/ [索取号:F091.354/64:2] | 在馆 | |
| 6 | 0808022 | 208080226 | 密集书库/ [索取号:F091.354/64:2] | 在馆 | |
| 7 | 0808023 | 208080235 | 第一借阅区/ [索取号:F091.354/64:2] | 在馆 | |
| 8 | 0808024 | 208080244 | 第一借阅区/ [索取号:F091.354/64:2] | 在馆 | |
| 9 | 0808025 | 208080253 | 密集书库/ [索取号:F091.354/64:2] | 在馆 | |
| 10 | 0808026 | 208080262 | 第一借阅区/ [索取号:F091.354/64:2] | 在馆 |